Radial distribution of a single-pass amplified radiation in the active elements of CuBr lasers; IOP Conference Series: Materials Science and Engineering; Vol. 81 : Radiation-Thermal Effects and Processes in Inorganic Materials
| Parent link: | IOP Conference Series: Materials Science and Engineering Vol. 81 : Radiation-Thermal Effects and Processes in Inorganic Materials.— 2015.— [012116, 7p.] |
|---|---|
| 1. autor: | |
| Korporacja: | |
| Kolejni autorzy: | , |
| Streszczenie: | Title screen The paper presents the results of study of single-pass amplified radiation distribution of copper bromide vapor laser active elements used in high-speed laser monitors. The possibility of modifying the profile of a single-pass amplified light beam by changing the copper bromide vapor concentration is demonstrated. This means of influence on the radiation profile seems to be easiest due to implementation by varying only one parameter of operation. Gaussian, ring-shaped or flat profiles can be achieved depending on the temperature of the containers with copper bromide. The diameter of the beam becomes narrower when increasing the concentration of copper bromide vapor. This feature is characteristic of the discharge tubes as small (diameter 2.5, length 5 cm) and large (diameter 5 cm, length 90 cm) active volume. Режим доступа: по договору с организацией-держателем ресурса |
| Język: | angielski |
| Wydane: |
2015
|
| Hasła przedmiotowe: | |
| Dostęp online: | http://dx.doi.org/10.1088/1757-899X/81/1/012116 http://earchive.tpu.ru/handle/11683/14761 |
| Format: | MixedMaterials Elektroniczne Rozdział |
| KOHA link: | https://koha.lib.tpu.ru/cgi-bin/koha/opac-detail.pl?biblionumber=643060 |
MARC
| LEADER | 00000nla2a2200000 4500 | ||
|---|---|---|---|
| 001 | 643060 | ||
| 005 | 20240209160755.0 | ||
| 035 | |a (RuTPU)RU\TPU\network\8048 | ||
| 035 | |a RU\TPU\network\8036 | ||
| 090 | |a 643060 | ||
| 100 | |a 20150827a2015 k y0engy50 ba | ||
| 101 | 0 | |a eng | |
| 102 | |a GB | ||
| 105 | |a y z 100zy | ||
| 135 | |a drcn ---uucaa | ||
| 181 | 0 | |a i | |
| 182 | 0 | |a b | |
| 200 | 1 | |a Radial distribution of a single-pass amplified radiation in the active elements of CuBr lasers |f F. A. Gubarev, M. S. Klenovskii, Lin Li | |
| 203 | |a Text |c electronic | ||
| 300 | |a Title screen | ||
| 320 | |a [References: 20 tit.] | ||
| 330 | |a The paper presents the results of study of single-pass amplified radiation distribution of copper bromide vapor laser active elements used in high-speed laser monitors. The possibility of modifying the profile of a single-pass amplified light beam by changing the copper bromide vapor concentration is demonstrated. This means of influence on the radiation profile seems to be easiest due to implementation by varying only one parameter of operation. Gaussian, ring-shaped or flat profiles can be achieved depending on the temperature of the containers with copper bromide. The diameter of the beam becomes narrower when increasing the concentration of copper bromide vapor. This feature is characteristic of the discharge tubes as small (diameter 2.5, length 5 cm) and large (diameter 5 cm, length 90 cm) active volume. | ||
| 333 | |a Режим доступа: по договору с организацией-держателем ресурса | ||
| 337 | |a Adobe Reader | ||
| 461 | 1 | |0 (RuTPU)RU\TPU\network\2008 |t IOP Conference Series: Materials Science and Engineering | |
| 463 | 1 | |0 (RuTPU)RU\TPU\network\7891 |t Vol. 81 : Radiation-Thermal Effects and Processes in Inorganic Materials |o International Scientific Conference, 3-8 November 2014, Tomsk, Russia |o [proceedings] |v [012116, 7p.] |d 2015 | |
| 610 | 1 | |a электронный ресурс | |
| 610 | 1 | |a труды учёных ТПУ | |
| 610 | 1 | |a радиальное распределение | |
| 610 | 1 | |a излучения | |
| 610 | 1 | |a активные элементы | |
| 610 | 1 | |a лазеры | |
| 700 | 1 | |a Gubarev |b F. A. |c specialist in the field of electronics |c Associate Professor of Tomsk Polytechnic University, Candidate of physical and mathematical sciences |f 1979- |g Fedor Aleksandrovich |3 (RuTPU)RU\TPU\pers\31657 |9 15794 | |
| 701 | 1 | |a Klenovskii (Klenovsky) |b M. S. |c specialist in the field of electronics |c Junior research fellow Tomsk Polytechnic University |f 1984- |g Miron Stanislavovich |3 (RuTPU)RU\TPU\pers\36126 | |
| 701 | 0 | |a Li Lin |c specialist in the field of electronics |c research engineer at Tomsk Polytechnic University |f 1990- |3 (RuTPU)RU\TPU\pers\36367 | |
| 712 | 0 | 2 | |a Национальный исследовательский Томский политехнический университет (ТПУ) |b Институт неразрушающего контроля (ИНК) |b Кафедра промышленной и медицинской электроники (ПМЭ) |3 (RuTPU)RU\TPU\col\18719 |
| 801 | 2 | |a RU |b 63413507 |c 20161212 |g RCR | |
| 856 | 4 | |u http://dx.doi.org/10.1088/1757-899X/81/1/012116 | |
| 856 | 4 | |u http://earchive.tpu.ru/handle/11683/14761 | |
| 942 | |c CF | ||